000 00401pab a2200133 454500
008 180718b1989 xxu||||| |||| 00| 0 eng d
100 _aChitharanjan, K.V.
245 _aRegional variations in urbanisation, industrialisation and wage rates in Gujarat
260 _c1989
300 _a63-8
650 _aUrbanisation - India - Gujarat
773 _aIndian Journal of Regional Science
909 _a20393
999 _c20393
_d20393